LDR 00812naa#a2200169#i#450# 001 RU\\bibl\126608 005 20260703211635.5 011 ## _a2222-7962 100 ## _a20260628b2026####ek#y0rusy0150####ca 102 ## _aRU 200 1# _aОценка эксплуатационной эффективности харвестеров с применением энергетической концепции _eЖурнальная статья 210 1# _aВоронеж _cВоронежский государственный лесотехнический университет имени Г.Ф. Морозова _d2026 215 ## _a20 с. 608 ## _aЖурнальная статья _2local 675 ## _aЛесное хозяйство. Лесоводство. 630 _z 700 #1 _aГолякевич _gС. А. 856 4# _anaukaru.ru _u